[Event "Baden-ch op U1200"]
[Site "Haslach im Kinzigtal"]
[Date "2010.06.06"]
[Round "7"]
[White "Walter, Jannick"]
[Black "Kroll, Pascal Marcel"]
[Result "0-1"]
[WhiteElo "937"]
[BlackElo "1184"]
[PlyCount "108"]
[EventDate "2010.05.31"]
[EventType "swiss"]
[EventRounds "7"]
[EventCountry "GER"]
[SourceTitle "EXT 2011"]
[Source "ChessBase"]
[SourceDate "2010.11.26"]
[SourceVersion "1"]
[SourceVersionDate "2010.11.26"]
[SourceQuality "1"]

1. d4 Nf6 2. c4 g6 3. Nc3 Bg7 4. e3 0-0 5. Bd3 d6 6. Nge2 e5 7. 0-0 Re8 8. f3 Bd7 9. d5 Na6 10. a3 c6 11. e4 cxd5 12. exd5 Rc8 13. Be3 b6 14. Ne4 Nc5 15. Bxc5 bxc5 16. Nxd6 Nh5 17. Nxe8 Bxe8 18. f4 exf4 19. Nxf4 Nxf4 20. Rxf4 Qg5 21. Qg4 Qxg4 22. Rxg4 Bxb2 23. Rb1 Bxa3 24. Bf5 Ra8 25. Rb7 h5 26. Rg3 Bc1 27. Bd7 Kf8 28. Bxe8 Kxe8 29. Rc7 Bf4 30. Rxc5 Bxg3 31. hxg3 Kd7 32. Rb5 a5 33. Kf1 a4 34. Rb1 Kd6 35. Ke2 Kc5 36. Kd3 a3 37. Kc3 a2 38. Ra1 Ra3+ 39. Kb2 Rxg3 40. Rxa2 Rxg2+ 41. Kb3 Rxa2 42. Kxa2 h4 43. Kb3 h3 44. d6 Kxd6 45. Kb4 Kc6 46. c5 h2 47. Kc4 h1Q 48. Kd4 Qd5+ 49. Ke3 Qxc5+ 50. Ke2 Qc3 51. Kd1 Qb2 52. Ke1 Kd5 53. Kf1 Ke4 54. Ke1 Ke3 0-1